000 00398nam a2200133Ia 4500
008 100328s9999 xx 000 0 und d
082 _b22782
100 _aपाठक गंगाधर रामचंद्र
245 _aचंद्रसेना
260 _bअ.गं.पाठर
630 _aचंद्रसेना
730 _aचंद्रसेना
942 _cBOOK
999 _c516613
_d516610